LEADER 01781cam2-22006251i-450- 001 990001017290403321 005 20060921103000.0 035 $a000101729 035 $aFED01000101729 035 $a(Aleph)000101729FED01 035 $a000101729 100 $a20001205d1981----km-y0itay50------ba 101 0 $aeng 102 $aUS 105 $aa---a---001yy 200 1 $aSeminumerical algorithms$fDonald E. Knuth 205 $a2nd ed. 210 $aReading [MA] [etc.]$cAddison-Wesley$d1981 215 $axi, 624 p.$cill.$d25 cm 225 1 $aAddison-Wesley series in computer science and information processing 461 0$1001000001368$12001$a<> art of computer programming$v2 610 0 $aTeoria della programmazione e utilizzazione dei computers 610 0 $aSoftware 610 0 $aAnalisi numerica 610 0 $aCalcolo simbolico 610 0 $aAnalisi dell' errore 610 0 $aComputer science 610 0 $aProgrammazione lineare 610 0 $aCalcolo matriciale 610 0 $aCalcolatori elettronici e applicazioni 610 0 $aElaboratori elettronici$aProgrammazione 610 0 $aAlgoritmi 676 $a510.78 676 $a005.1 676 $a001.6 700 1$aKnuth,$bDonald Ervin$048274 801 0$aIT$bUNINA$gRICA$2UNIMARC 901 $aBK 912 $a990001017290403321 952 $aS.8B-005$b8933$fFI1 952 $a8-M-35$b292$fMA1 952 $aS.8B-030$b12747$fFI1 952 $a07 D-132/B MU.$b4932/345$fDINSC 952 $a02 54 C 43$b5859$fFINBN 959 $aFI1 959 $aMA1 959 $aDINSC 959 $aFINBN 962 $a68N05 962 $a65-XX 962 $a68Q40 962 $a65GXX 962 $a68Q30 996 $aSeminumerical algorithms$9355282 997 $aUNINA LEADER 00844nam0-22002891i-450 001 990001775160403321 005 20190529131414.0 035 $a000177516 035 $aFED01000177516 035 $a(Aleph)000177516FED01 035 $a000177516 100 $a20021010d1975----km-y0itay50------ba 101 0 $aita 200 1 $aAntonio de Andres (sigli XIV)$eestudio bibliografico-critico de sus obras$fSebastian Garcia-Navarro. 210 $aBarcelona$cUniversidad de Barcelona$d1975. 215 $a9 p.$d24 cm 610 0 $aFilosofia antica 676 $a180 700 1$aGarcia Navarro,$bSebastian$077172 801 0$aIT$bUNINA$gRICA$2UNIMARC 901 $aLG 912 $a990001775160403321 952 $a60 OP. 98/49$b45313$fFAGBC 959 $aFAGBC 996 $aAntonio de Andres (sigli XIV$9408823 997 $aUNINA DB $aING01